แสดงรายละเอียดบรรณานุกรม
  กลับหน้าหลัก

Brief Record : Get Marc (ISO 2709) : E-mail record : QR code ปิดหน้าต่าง
E-books : เกี่ยวกับ Collections
LEADER 00000nam 2200000uu 4500
001    213646
003     ULIBM
008    230727s||||||||th 000 0 tha d
020    ^a978-616-438-784-3
040    ^abcnkk
041    ^atha
060 04 ^aWI250^bก495 2565
245 00 ^aการฟื้นฟูสภาพการกลืน =^bSwallowing rehabilitation /^cภัทราวัฒนพันธุ์ ... [และคนอื่นๆ], บรรณาธิการ
246 31 ^aSwallowing rehabilitation
250    ^aพิมพ์ครั้งที่ 4
260    ^aขอนแก่น :^bภาควิชาเวชศาสตร์ฟื้นฟู คณะแพทยศาสตร์ มหาวิทยาลัยขอนแก่น,^c2565
300    ^a286 หน้า :^bภาพประกอบ ;^c29 ซม.
650  4 ^aการกลืนผิดปกติ
650  4 ^aภาวะการกลืนผิดปกติ^xการรักษา
650  4 ^aการกลืน
700 0  ^aภัทรา วัฒนพันธุ์,^eบรรณาธิการ
700 0  ^aพจีมาศ กิตติปัญญางาม,^eบรรณาธิการ
700 0  ^aสุจิตรา แสนทวีสุข,^eบรรณาธิการ
710 2  ^aมหาวิทยาลัยขอนแก่น.^bคณะแพทยศาสตร์.^bภาควิชาเวชศาสตร์ฟื้นฟู
710 2  ^aมหาวิทยาลัยขอนแก่น.^bกลุ่มวิจัยภาวะกลืนลำบาก
999    ^aใช้งานได้ทุกระบบ
รายการนี้ยังไม่มีแท็ก
คุณยังไม่ได้ล็อกอิน คุณสามารถมีกิจกรรมร่วมกับเว็บไซต์ได้ แต่ต้องล็อกอินก่อน ::
  ล็อกอิน
ลำดับที่ ประเภท เลขเรียก สถานที่ สถานะ
1. การพยาบาล (ตำราหลัก)
การพยาบาล (ตำราหลัก)
WI250 ก495 2565 ฉ.1 
  
การพยาบาลผู้ใหญ่ On Shelf
  ขอยืม
Note:บริจาค
   [แสดง 1/1 รายการ]

รายการใกล้เคียง
    หัวเรื่อง [การกลืนผิดปกติ]
    หัวเรื่อง [การกลืน]

BibComment


ยังไม่เคยถูกคอมเมนท์

คอมเมนท์ทรัพยากรรายการนี้
  คอมเมนท์: การฟื้นฟูสภาพการ..
Bib 213646

 
 
 

 Union Library Management : ULibM
Copyright 2026. All Rights Reserved.
скачать бесплатно без регистрации порно красивый секс HD Sex Hindi sex

xxx gou

xxxx

bfxxx

xxxwww

Секса Видео

xxxx

Секса Видео

detube

geilexxx

C99 Shell

worms shell

blod xxx video
Ebony Coed Rihanna Rimes Takes A Dick In Her Young Twat priyaa indian fuck anal and pusssy hardcore indian women xxx desi hardcore fucking part 1 bengalixxxcouple